Livres les plus traduits - Statistiques

Statistiques générales
  • Ce quiz a été pris 150 fois
  • Le résultat moyen est 3 sur 10
Statistiques - réponses
nombre de traductions titre % Correct
704 la bible
92%
80 harry potter
74%
475 le petit prince
57%
145 don quichotte
15%
115 asterix
10%
174 alice au pays des merveilles
6%
115 les aventures de tintin
3%
260 pinocchio
3%
150 les comptes de fées
1%
170 20 000 lieux sous la mer
0%
Aucun quiz correspondant
Distribution des résultats
% des personnes avec chaque résultat
Percentile par nombre de réponses
Votre historique - résultats
Vous n’avez pas pris ce quiz